000 nam a22 7a 4500
999 _c336786
_d336786
003 IT-MiCISF
005 20171010170202.0
008 171010b xxu||||| |||| 00| 0 eng d
040 _aIT-MiCISF
_cIT-MiCISF
041 _ait
100 _aMicotti Sara (a cura di)
_956589
210 _aInterazioni
222 _a17210143
245 _aPromozione precoce della salute: prospettive psicoanalitiche d'intervento
260 _c2015
300 _app. 7-113
310 _asemestrale
362 _an. 1
500 _aterapia-familiare, case-studies, periodo-neonatale, servizi-sanitari, psicoanalisi
650 _aterapia
_956160
654 _adossier
700 _aMondadori C.
_aSalononsson B.
_aNicolò A.M.
_aScotto di Fasano D.
_aGrassi L.
_aDe Vita C.
_aPezzuto A.
_aBenlodi A.
_aRicciotti V.
_956590
942 _2ddc
_cCR